000 01837nam a2200325 i 4500
003 EG-GICUC
005 20260121101702.0
008 260108s1971 ua ||||fr|||| 00| 0 ara d
017 _a١٩٧٠/٦١١٨
040 _a EG-GICUC
_bara
_c EG-GICUC
_d EG-GICUC
_erda
041 0 _aara
082 0 4 _221
_a345.455
_bم ح . م
092 0 4 _221
099 _aLaw1 07 345.455 م ح . م 1971
100 0 _aمحمد عبد المجيد مرعي
_eمؤلف.
245 1 2 _aالموسوعة الحديثة في شرح نظام العاملين في القطاع العام :
_bالمؤسسات العامة والوحدات الاقتصادية التابعة لها و قانون الهيئات العامة /
_cمحمد عبد المجيد مرعي.
264 1 _aالقاهرة :
_bعالم الكتب،
_c1971.
300 _a480 صفحة؛
_c24 سم.
336 _2rda content
_atext
337 _2rda media
_aComputer
338 _2rda carrier
_aOnline Resource
504 _aيشتمل على إرجاعات ببليوجرافية.
505 _aالقانون رقم ٣٢ لسنة ١٩٦٦ - قرار رئيس الجمهورية رقم ٣٣٠٩ لسنة ١٩٦٦ قرار رئيس الجمهورية رقم ٨٤٩ لسنة ١٩٧٠ باللائحة التنفيذية القوانين والقرارات المكملة - التفسيرات التشريعية - أحدث أحكام القضاء فتاوى مجلس الدولة - قرارات التحكيم تعليمات الجهاز المركزى للتنظيم والإداره.
546 _aالنص باللغة العربية
650 1 4 _aالنظام القانوني للعاملين بالقطاع العام
650 1 4 _aالقانون الإداري
856 4 0 _uhttps://fll.law.cu.edu.eg/fulltext/bks/B07-01547.pdf
905 _a32
942 _2ddc
_cBK
_e21
_n0
999 _c55502
_d55502